000 00390nam a2200169Ia 4500
001 23461
005 20260414150938.0
008 260414t2002||||xx |||||||||||||| ||spa||
041 _aESP
082 _a650.01513
_bR68
100 _aRivera Salcedo, Jorge
_eAUT
245 0 _aMatemáticas financieras
_b
260 _c2002
650 _aGEN
654 _aCCO
942 _cLIB
_dJUS
_fJUS
_2ddc
_n
999 _c23461
_d23461